00638nam a22001457a 4500003000400000005001700004008004100021040001400062100007100076245016900147260000900316300003100325500010900356504002700465OSt20171010095533.0121005t xxu||||| |||| 00| 0 eng d aMMSUcULS aBagasol, May-Joy C., Dancel, Fran Mark T., Laigue, Joel Joseph M.  aDetermination of energy savings from air conditioning units through cleaning and thermostat settingcMay-Joy C. Bagasol, Fran Mark T. Dancel, Joel Joseph M. Laigue  c2008 aviii, [47] leaves c28 cm. aThesis (BS Electrical Engineering) -- Mariano Marcos State University-College of Engineering, Batac City aBibliography: leaf 28